000
00321nam a2200121 a 4500
005
20141022141958.0
008
120306s19uu xx 00 eng d
050
_a
CD
_b
V26 2004
100
_a
van den Berge, Gino
245
_a
Collision detection in interactive /
_c
Gino van den bergen.
260
_c
2004.
942
_c
AVM
999
_c
276104
_d
276104